Znalectvo

Guardado en:
Detalles Bibliográficos
Autor principal: Kubica, Milan, 1958-
Autor Corporativo: Ekonomická univerzita v Bratislave
Otros Autores: Kardoš, Peter, Hrubizna, Marián, Švejdová, Nikola, Štetka, Peter, 1986-, Šlosár, Róbert, Vyparina, Marián, Majdúchová, Helena, 1963-, Rajňák, Milan
Formato: Libro
Lenguaje:eslovaco
Publicado: Praha Wolters Kluwer 2016
Edición:2. dopl. a preprac. vyd.
Materias:
Etiquetas: Agregar Etiqueta
Sin Etiquetas, Sea el primero en etiquetar este registro!

MARC

LEADER 00000nam a2200000 4500
001 0228872
005 20240523121643.1
020 |a 978-80-7552-499-7 
041 0 |a slo 
044 |a CZ 
245 1 0 |a Znalectvo  |c Milan Kubica a kolektív ; recenzovali: Helena Majdúchová, Milan Rajňák 
250 |a 2. dopl. a preprac. vyd. 
264 1 |a Praha  |b Wolters Kluwer  |c 2016 
300 |a [332 s.] [21,15 AH]  |e 21,15 
610 2 0 |a znalectvo 
610 2 0 |a legislatíva 
610 2 0 |a znalci 
610 2 0 |a posudky znalecké 
610 2 0 |a kódexy etické 
610 2 0 |a hodnota majetku 
610 2 0 |a ohodnocovanie 
610 2 0 |a prostredie životné 
610 2 0 |a štandardy ohodnocovacie medzinárodné 
100 1 |a Kubica, Milan, 1958- 
700 1 |a Kardoš, Peter 
700 1 |a Hrubizna, Marián 
700 1 |a Švejdová, Nikola 
700 1 |a Štetka, Peter, 1986- 
700 1 |a Šlosár, Róbert 
700 1 |a Vyparina, Marián 
700 1 |a Majdúchová, Helena, 1963- 
700 1 |a Rajňák, Milan 
710 2 |a Ekonomická univerzita v Bratislave